| 000 | 00477cam a22001217a 4500 | ||
|---|---|---|---|
| 008 | 180718b1996 xxu||||| |||| 00| 0 eng d | ||
| 082 | _aA81x54 91P | ||
| 100 | _aCensus of India 1991 | ||
| 245 | _aPopulation projections for India and states 1996-2016: report of the Technical Group on Population Projections Constituted by the Planning Commission, August 1996 | ||
| 260 |
_aNew Delhi _bRegistrar General, India _c1996 |
||
| 300 | _a343+p. | ||
| 650 | _aCensus - Population - India | ||
| 999 |
_c482845 _d482845 |
||